The Seymour tapes /
Saved in:
| Main Author: | |
|---|---|
| Format: | Book |
| Language: | English |
| Published: |
London ; New York :
Viking,
2005.
|
| Subjects: | |
| Tags: |
Add Tag
No Tags, Be the first to tag this record!
|
| LEADER | 00655cam a2200241 a 4500 | ||
|---|---|---|---|
| 001 | 009683091-3 | ||
| 005 | 20050627115312.0 | ||
| 008 | 041020s2005 enk e 000 1 eng | ||
| 015 | |a GBA506792 |2 bnb | ||
| 016 | 7 | |a 013092576 |2 Uk | |
| 020 | |a 0670912700 (hbk.) | ||
| 035 | 0 | |a ocm57528625 | |
| 040 | |a UKM |c UKM |d BWKUK | ||
| 050 | 4 | |a PR6062.O775 |b S49 2005 | |
| 082 | 0 | 4 | |a 823.914 |2 22 |
| 100 | 1 | |a Lott, Tim, |d 1956- | |
| 245 | 1 | 4 | |a The Seymour tapes / |c Tim Lott. |
| 260 | |a London ; |a New York : |b Viking, |c 2005. | ||
| 300 | |a 245 p. ; |c 24 cm. | ||
| 650 | 0 | |a Married people |v Fiction. | |
| 650 | 0 | |a Private investigators |v Fiction. | |
| 988 | |a 20050602 | ||
| 906 | |0 OCLC | ||


